[Event "Otocec Krka Terme op"]
[Site "Otocec"]
[Date "2021.07.10"]
[Round "9"]
[White "Hrescak, Ivana"]
[Black "Barle, Janez"]
[Result "0-1"]
[WhiteElo "2130"]
[BlackElo "2203"]
[PlyCount "118"]
[EventDate "2021.07.03"]
[EventType "swiss"]
[EventRounds "9"]
[EventCountry "SLO"]
[SourceTitle "CBM 203 Extra"]
[Source "ChessBase"]
[SourceDate "2021.09.30"]
[SourceVersion "1"]
[SourceVersionDate "2021.09.30"]
[SourceQuality "1"]

1. Nf3 Nc6 2. g3 e5 3. d3 Bc5 4. Bg2 d6 5. c3 a5 6. d4 exd4 7. cxd4 Bb6 8. Nc3 Nge7 9. 0-0 0-0 10. e3 Bf5 11. d5 Ne5 12. Nxe5 dxe5 13. h3 Qd7 14. Kh2 Bg6 15. Qb3 a4 16. Qc4 Nf5 17. Qe2 Nd6 18. Bd2 f5 19. b3 axb3 20. axb3 Rfe8 21. Na4 Ba7 22. Rac1 Ne4 23. Nc3 Nxd2 24. Qxd2 e4 25. Qc2 Bf7 26. Rfd1 Rad8 27. Bf1 Re5 28. Be2 Qe7 29. Bc4 Bc5 30. Ra1 h6 31. Rd2 Kh7 32. Rad1 Bh5 33. Ra1 g5 34. Re1 Bg6 35. Qc1 Rf8 36. Rde2 f4 37. exf4 gxf4 38. Nxe4 fxg3+ 39. fxg3 Rxe4 40. Bd3 Rxe2+ 41. Rxe2 Rf2+ 42. Rxf2 Bxd3 43. Ra2 Bd6 44. Qg1 Qe5 45. Rd2 Bg6 46. Qf2 h5 47. h4 Qe4 48. Qd4 Qf3 49. Qf2 Qxb3 50. Kh3 Qc3 51. Re2 Qc4 52. Qf3 b5 53. Re6 b4 54. Qe3 Qxd5 55. Re7+ Bxe7 56. Qxe7+ Qf7 57. Qxb4 Qf5+ 58. Kh2 Qc2+ 59. Kg1 Qb1+ 0-1

[Event "Otocec Krka Terme op"]
[Site "Otocec"]
[Date "2021.07.05"]
[Round "4"]
[White "Barle, Janez"]
[Black "Urh, Zala"]
[Result "0-1"]
[WhiteElo "2203"]
[BlackElo "2168"]
[PlyCount "100"]
[EventDate "2021.07.03"]
[EventType "swiss"]
[EventRounds "9"]
[EventCountry "SLO"]
[SourceTitle "CBM 203 Extra"]
[Source "ChessBase"]
[SourceDate "2021.09.30"]
[SourceVersion "1"]
[SourceVersionDate "2021.09.30"]
[SourceQuality "1"]

1. e4 c5 2. Ne2 Nc6 3. Nbc3 g6 4. g3 Bg7 5. Bg2 d6 6. 0-0 e5 7. d3 Nge7 8. Nd5 0-0 9. c3 Be6 10. Be3 Rc8 11. f4 f5 12. fxe5 Nxe5 13. Nef4 Nxd5 14. exd5 Bf7 15. Ne6 Bxe6 16. dxe6 Qe7 17. Bd5 h6 18. Qe2 Ng4 19. Bd2 Kh7 20. Qg2 b5 21. Bc6 Rb8 22. Bd5 b4 23. Rae1 a5 24. h3 Nf6 25. Re2 a4 26. cxb4 cxb4 27. Kh2 Rfc8 28. Bc6 a3 29. b3 Rb6 30. Ba4 d5 31. Qf2 d4 32. Rfe1 Rc2 33. Kg1 Nd5 34. Qf3 Rxd2 35. Qxd5 Rxd3 36. Qg2 Re3 37. Bd7 Rd6 38. Kh1 Rxe2 39. Qxe2 d3 40. Qf2 Bd4 41. Qf1 Bc3 42. Rd1 d2 43. Qf3 Rd4 44. Kg2 Re4 45. g4 Qg5 46. Bb5 Rxe6 47. Qb7+ Re7 48. Qd5 fxg4 49. Qxg5 hxg5 50. Bd3 gxh3+ 0-1

[Event "Wch Seniors 65 29th"]
[Site "Bucharest"]
[Date "2019.11.21"]
[Round "9"]
[White "Raikin, Leonid"]
[Black "Barle, Janez"]
[Result "1/2-1/2"]
[WhiteElo "2100"]
[BlackElo "2221"]
[PlyCount "57"]
[EventDate "2019.11.12"]
[EventType "swiss"]
[EventRounds "11"]
[EventCountry "ROU"]
[SourceTitle "CBM 193 Extra"]
[Source "ChessBase"]
[SourceDate "2020.01.31"]
[SourceVersion "1"]
[SourceVersionDate "2020.01.31"]
[SourceQuality "1"]

1. d4 d5 2. Bf4 e6 3. e3 Bd6 4. Bg3 Bxg3 5. hxg3 c5 6. c3 Qb6 7. Qb3 Nc6 8. Nd2 Nf6 9. Ngf3 Bd7 10. Be2 0-0 11. 0-0 Rfc8 12. Rac1 Be8 13. Qxb6 axb6 14. a3 h6 15. Rfd1 c4 16. Re1 b5 17. Bd1 Ne4 18. Nxe4 dxe4 19. Nd2 f5 20. f3 exf3 21. gxf3 Rd8 22. f4 e5 23. Nf3 e4 24. Ne5 Nxe5 25. fxe5 h5 26. Kf2 Ra6 27. Rh1 g6 28. Be2 Bf7 29. Rh2 1/2-1/2

[Event "Wch Seniors 65 29th"]
[Site "Bucharest"]
[Date "2019.11.18"]
[Round "6"]
[White "Barle, Janez"]
[Black "Pitzl, Konstantinos"]
[Result "1-0"]
[WhiteElo "2221"]
[BlackElo "2028"]
[PlyCount "73"]
[EventDate "2019.11.12"]
[EventType "swiss"]
[EventRounds "11"]
[EventCountry "ROU"]
[SourceTitle "CBM 193 Extra"]
[Source "ChessBase"]
[SourceDate "2020.01.31"]
[SourceVersion "1"]
[SourceVersionDate "2020.01.31"]
[SourceQuality "1"]

1. e4 d6 2. d4 Nf6 3. Nc3 g6 4. Nge2 Bg7 5. g3 0-0 6. Bg2 Nbd7 7. h3 c6 8. a4 e5 9. Be3 Re8 10. 0-0 exd4 11. Bxd4 Nf8 12. f4 Ne6 13. Bf2 Qc7 14. Qd2 d5 15. f5 Nf8 16. fxg6 Nxg6 17. exd5 Nxd5 18. Nxd5 cxd5 19. Nc3 Be6 20. Nxd5 Bxd5 21. Bxd5 Rad8 22. c4 Qxc4 23. Bxc4 Rxd2 24. Bxf7+ Kxf7 25. Be3+ Kg8 26. Bxd2 Bxb2 27. Rae1 Bd4+ 28. Kg2 Rc8 29. Rc1 Bc5 30. Rf5 b6 31. Be3 Re8 32. Bxc5 bxc5 33. Rcxc5 Re2+ 34. Rf2 Re7 35. Rfc2 Re3 36. Rc8+ Kg7 37. R8c7+ 1-0

[Event "Wch Seniors 65 29th"]
[Site "Bucharest"]
[Date "2019.11.14"]
[Round "3"]
[White "Ciuro Munoz, Ricardo"]
[Black "Barle, Janez"]
[Result "1-0"]
[WhiteElo "1989"]
[BlackElo "2221"]
[PlyCount "67"]
[EventDate "2019.11.12"]
[EventType "swiss"]
[EventRounds "11"]
[EventCountry "ROU"]
[SourceTitle "CBM 193 Extra"]
[Source "ChessBase"]
[SourceDate "2020.01.31"]
[SourceVersion "1"]
[SourceVersionDate "2020.01.31"]
[SourceQuality "1"]

1. e4 d5 2. exd5 Nf6 3. d4 Bg4 4. f3 Bf5 5. Bd3 Bxd3 6. Qxd3 Nxd5 7. a3 e6 8. Ne2 c5 9. Nbc3 Nc6 10. Nxd5 Qxd5 11. Be3 0-0-0 12. Rd1 Qh5 13. Qe4 cxd4 14. Nxd4 Nxd4 15. Rxd4 Qa5+ 16. c3 Rxd4 17. Qxd4 b6 18. 0-0 Qc5 19. Qe4 Qxe3+ 20. Qxe3 Bc5 21. Kf2 Rd8 22. Qxc5+ bxc5 23. Ke2 c4 24. Rd1 Rxd1 25. Kxd1 Kc7 26. Kc2 e5 27. b4 cxb3+ 28. Kxb3 f5 29. Kc4 Kc6 30. Kd3 Kc5 31. g3 a5 32. h3 h5 33. g4 hxg4 34. hxg4 1-0

[Event "EU-ch Seniors 65 19th"]
[Site "Rhodes"]
[Date "2019.04.14"]
[Round "9"]
[White "Barle, Janez"]
[Black "Furman, Boris"]
[Result "1/2-1/2"]
[WhiteElo "2225"]
[BlackElo "2134"]
[PlyCount "56"]
[EventDate "2019.04.06"]
[EventType "swiss"]
[EventRounds "9"]
[EventCountry "GRE"]
[SourceTitle "CBM 189 Extra"]
[Source "ChessBase"]
[SourceDate "2019.06.03"]
[SourceVersion "1"]
[SourceVersionDate "2019.06.03"]
[SourceQuality "1"]

1. Nf3 Nf6 2. d4 d5 3. e3 e6 4. c4 Nbd7 5. Bd3 b6 6. 0-0 Bd6 7. Nc3 Bb7 8. Qe2 0-0 9. Rd1 Ne4 10. Qc2 Nxc3 11. bxc3 Nf6 12. Ne5 h6 13. f4 Ne4 14. cxd5 exd5 15. c4 f5 16. Bb2 Kh7 17. cxd5 Bxd5 18. Be2 g5 19. Bc4 Bxc4 20. Qxc4 gxf4 21. exf4 Qh4 22. Qe6 Qf2+ 23. Kh1 Qxb2 24. Qg6+ Kh8 25. Qxh6+ Kg8 26. Qg6+ Kh8 27. Rab1 Qe2 28. Re1 Qd2 1/2-1/2

[Event "EU-ch Seniors 65 19th"]
[Site "Rhodes"]
[Date "2019.04.10"]
[Round "5"]
[White "Barle, Janez"]
[Black "Malmdin, Nils Ake"]
[Result "1/2-1/2"]
[WhiteElo "2225"]
[BlackElo "2121"]
[PlyCount "81"]
[EventDate "2019.04.06"]
[EventType "swiss"]
[EventRounds "9"]
[EventCountry "GRE"]
[SourceTitle "CBM 189 Extra"]
[Source "ChessBase"]
[SourceDate "2019.06.03"]
[SourceVersion "1"]
[SourceVersionDate "2019.06.03"]
[SourceQuality "1"]

1. d4 Nf6 2. Nf3 g6 3. Nc3 Bg7 4. e4 d6 5. Be2 a6 6. 0-0 0-0 7. Re1 Nc6 8. d5 Nb8 9. Bf4 b5 10. a3 Bb7 11. Qd2 c5 12. dxc6 Nxc6 13. Bh6 Qb6 14. Bxg7 Kxg7 15. Nd5 Nxd5 16. exd5 Ne5 17. Nxe5 dxe5 18. c4 Rac8 19. Rac1 bxc4 20. Bxc4 Qd6 21. Rc3 h6 22. Rd1 Rfd8 23. Bb3 e6 24. Rxc8 Bxc8 25. Qe2 Qc7 26. dxe6 Rxd1+ 27. Qxd1 Bxe6 28. Bxe6 fxe6 29. Qd2 Qc4 30. g3 g5 31. h3 Kg6 32. Qe3 e4 33. Kg2 Kf5 34. b4 Qd5 35. g4+ Ke5 36. Qg3+ Kd4 37. Qe3+ Kc4 38. Kg1 Qd1+ 39. Kh2 Qd3 40. Qc5+ Kb3 41. Qe7 1/2-1/2

[Event "EU-ch Seniors 65 19th"]
[Site "Rhodes"]
[Date "2019.04.06"]
[Round "1"]
[White "Barle, Janez"]
[Black "Ladisic, Alex Sacha"]
[Result "1-0"]
[WhiteElo "2225"]
[BlackElo "1930"]
[PlyCount "121"]
[EventDate "2019.04.06"]
[EventType "swiss"]
[EventRounds "9"]
[EventCountry "GRE"]
[SourceTitle "CBM 189 Extra"]
[Source "ChessBase"]
[SourceDate "2019.06.03"]
[SourceVersion "1"]
[SourceVersionDate "2019.06.03"]
[SourceQuality "1"]

1. e4 e5 2. Nf3 Nc6 3. c3 Nf6 4. d4 Nxe4 5. d5 Ne7 6. Nxe5 Ng6 7. Qd4 f5 8. Nxg6 hxg6 9. Be3 Kf7 10. Bc4 Nd6 11. Bb3 Be7 12. Nd2 Bf6 13. Qd3 a5 14. a4 b6 15. 0-0-0 Ba6 16. c4 Qe7 17. Nf3 Rae8 18. Bd4 Qe4 19. Qc3 Qg4 20. h3 Qh5 21. Ne5+ Bxe5 22. Bxe5 Ne4 23. Qd4 Qh6+ 24. Kb1 d6 25. Bh2 Bc8 26. Bc2 Bd7 27. Rhe1 Nc5 28. b3 Qg5 29. Bf4 Qd8 30. f3 Rxe1 31. Rxe1 Rh5 32. Bd2 Rh4 33. Qf2 Rh8 34. Bc3 Qh4 35. Qd2 Re8 36. Rxe8 Bxe8 37. Qe3 Bd7 38. Bb2 Kf8 39. Bd4 Qd8 40. g4 Kf7 41. Qc3 Qh8 42. Bxc5 dxc5 43. Qe5 Qxh3 44. Qxc7 Ke8 45. Qxb6 Qxf3 46. Qxg6+ Kd8 47. gxf5 Qc3 48. Qb6+ Ke8 49. Qxc5 Bxf5 50. Bxf5 Qe1+ 51. Kc2 Qe2+ 52. Kc3 Qe1+ 53. Kd3 Qf1+ 54. Ke4 Qg2+ 55. Kf4 Qh2+ 56. Kf3 Qh1+ 57. Ke2 Qh5+ 58. Kd2 Qxf5 59. Qxa5 Qf2+ 60. Kd1 g5 61. Qe1+ 1-0

[Event "Wch Seniors 65 28th"]
[Site "Bled"]
[Date "2018.11.25"]
[Round "7"]
[White "Barle, Janez"]
[Black "Kiefer, Gerhard"]
[Result "1/2-1/2"]
[WhiteElo "2259"]
[BlackElo "2306"]
[PlyCount "101"]
[EventDate "2018.11.18"]
[EventType "swiss"]
[EventRounds "11"]
[EventCountry "SLO"]
[SourceTitle "CBM 187 Extra"]
[Source "ChessBase"]
[SourceDate "2018.11.04"]
[SourceVersion "1"]
[SourceVersionDate "2018.11.04"]
[SourceQuality "1"]

1. e4 c5 2. Nf3 e6 3. Nc3 Nc6 4. Bb5 Nge7 5. 0-0 a6 6. Bxc6 Nxc6 7. d4 cxd4 8. Nxd4 Qc7 9. Re1 Bd6 10. g3 Nxd4 11. Qxd4 0-0 12. e5 Be7 13. Qg4 f5 14. exf6 Rxf6 15. Nd5 Qc5 16. Nxf6+ Bxf6 17. c3 d6 18. Be3 Qc6 19. Rad1 e5 20. Qb4 d5 21. Qc5 Be6 22. Qxc6 bxc6 23. f3 Rd8 24. Bf4 e4 25. fxe4 Bg4 26. exd5 Bxd1 27. Rxd1 cxd5 28. Be3 Rb8 29. Rd2 Kf7 30. Kf2 Ke6 31. Ke2 h5 32. Kd3 h4 33. Bf4 Rb7 34. g4 Rf7 35. Be3 Be5 36. Re2 Rf3 37. Kd2 Kf6 38. Rg2 h3 39. Re2 Rf1 40. Bf2 Rh1 41. Ke3 Bxh2 42. Kf3 Be5 43. Bh4+ Ke6 44. Re1 Rxe1 45. Bxe1 Kd7 46. b4 Kc6 47. a4 g6 48. Kf2 Kd7 49. Kf3 Kc6 50. Kf2 Kd7 51. Kf3 1/2-1/2

[Event "Bled Planinc Memorial 1st"]
[Site "Bled"]
[Date "2018.11.24"]
[Round "3"]
[White "Barle, Janez"]
[Black "Bratkovic, Jakob"]
[Result "1-0"]
[WhiteElo "2259"]
[BlackElo "2242"]
[PlyCount "99"]
[EventDate "2018.11.24"]
[EventType "swiss (blitz)"]
[EventRounds "9"]
[EventCountry "SLO"]
[SourceTitle "CBM 187 Extra"]
[Source "ChessBase"]
[SourceDate "2018.11.04"]
[SourceVersion "1"]
[SourceVersionDate "2018.11.04"]
[SourceQuality "1"]

1. e4 c5 2. Nf3 Nc6 3. Bb5 g6 4. Bxc6 dxc6 5. d3 Bg7 6. Nc3 Nf6 7. h3 Nd7 8. Be3 e5 9. Qd2 h6 10. 0-0-0 b6 11. g4 Bb7 12. h4 h5 13. gxh5 Rxh5 14. Bg5 f6 15. Be3 Qe7 16. Ne2 0-0-0 17. Ng3 Rhh8 18. h5 gxh5 19. Nf5 Qf8 20. Rdg1 c4 21. Rxg7 cxd3 22. cxd3 Nc5 23. Bxc5 Qxc5+ 24. Kb1 Ba6 25. d4 Qb5 26. Ka1 Kb8 27. Qe3 h4 28. N3xh4 exd4 29. Qg3+ Qe5 30. Qa3 Qxe4 31. f3 Qe2 32. Rhg1 Rhe8 33. Ne7 Rd7 34. Nxc6+ Ka8 35. Rg8 Rxg8 36. Rxg8+ Kb7 37. Rg1 Kxc6 38. Nf5 Rd5 39. Qa4+ Qb5 40. Nxd4+ Rxd4 41. Qxd4 Qc5 42. Qxf6+ Kb5 43. Rb1 Bb7 44. Qf4 Bd5 45. Rc1 Qe7 46. Qd4 Qe6 47. b3 a5 48. Qd3+ Kb4 49. Kb2 a4 50. a3+ 1-0

[Event "Bled Planinc Memorial 1st"]
[Site "Bled"]
[Date "2018.11.24"]
[Round "2"]
[White "Lagarde, Maxime"]
[Black "Barle, Janez"]
[Result "1-0"]
[WhiteElo "2616"]
[BlackElo "2259"]
[PlyCount "77"]
[EventDate "2018.11.24"]
[EventType "swiss (blitz)"]
[EventRounds "9"]
[EventCountry "SLO"]
[SourceTitle "CBM 187 Extra"]
[Source "ChessBase"]
[SourceDate "2018.11.04"]
[SourceVersion "1"]
[SourceVersionDate "2018.11.04"]
[SourceQuality "1"]

1. e4 d5 2. exd5 Nf6 3. d4 Bg4 4. f3 Bf5 5. c4 e6 6. Bd3 Bxd3 7. Qxd3 exd5 8. c5 Nc6 9. Ne2 Be7 10. Nbc3 0-0 11. 0-0 b6 12. Be3 bxc5 13. dxc5 Ne5 14. Qc2 Nc4 15. Bf2 c6 16. b3 Ne5 17. Kh1 Qa5 18. a3 Qa6 19. b4 Rfe8 20. Nd4 Bf8 21. Bg1 Rac8 22. Rfe1 Qd3 23. Qxd3 Nxd3 24. Rxe8 Nxe8 25. Nb3 Nf6 26. Ne2 Nd7 27. Ned4 g6 28. Na5 Bg7 29. Rd1 N7e5 30. Naxc6 Kf8 31. Nxe5 Nxe5 32. Nb5 a6 33. Nd6 Rd8 34. Rxd5 Nc4 35. c6 Nxd6 36. c7 Rc8 37. Bc5 Bb2 38. a4 Ke8 39. Bxd6 1-0

[Event "SLO-ch 28th"]
[Site "Ljubljana"]
[Date "2018.05.03"]
[Round "8"]
[White "Brinovec, David"]
[Black "Barle, Janez"]
[Result "0-1"]
[WhiteElo "2188"]
[BlackElo "2263"]
[PlyCount "162"]
[EventDate "2018.04.27"]
[EventType "swiss"]
[EventRounds "9"]
[EventCountry "SLO"]
[SourceTitle "CBM 184 Extra"]
[Source "ChessBase"]
[SourceDate "2018.06.28"]
[SourceVersion "1"]
[SourceVersionDate "2018.06.28"]
[SourceQuality "1"]

1. e4 d5 2. exd5 Nf6 3. d4 Bg4 4. f3 Bf5 5. c4 e6 6. dxe6 fxe6 7. Be3 c5 8. Nc3 cxd4 9. Qxd4 Qxd4 10. Bxd4 Nc6 11. Be3 0-0-0 12. Kf2 b6 13. Na4 Nb4 14. Be2 Nc2 15. Rd1 Bb4 16. g4 Nxe3 17. Kxe3 Bc2 18. Rxd8+ Rxd8 19. b3 Bb1 20. Nh3 Bxa2 21. Bd1 Bb1 22. Nf2 Bd2+ 23. Ke2 e5 24. Nb2 e4 25. fxe4 Nxe4 26. Nbd3 Bh6 27. g5 Bxg5 28. Nxe4 Bxd3+ 29. Kf3 Rf8+ 30. Kg4 Be7 31. Re1 g6 32. Kg3 h5 33. Kg2 Bb4 34. Re3 Rd8 35. Bf3 Kc7 36. Nf6 Bc5 37. Re6 Bf5 38. Rc6+ Kb8 39. Nd5 Rd6 40. Rxd6 Bxd6 41. Ne3 Bd3 42. Bd1 Be4+ 43. Kh3 a5 44. Nd5 Kb7 45. Nc3 Bf5+ 46. Kg2 Be5 47. Nd5 Be4+ 48. Kh3 Kc6 49. Ne3 Kc5 50. Be2 Kd4 51. Nd5 b5 52. Nb6 Ke3 53. Bd1 Kd2 54. Bxh5 gxh5 55. cxb5 Kc3 56. Nc4 a4 57. bxa4 Kxc4 58. Kh4 Bxh2 59. Kxh5 Kb4 60. Kg5 Kxa4 61. Kf6 Kxb5 62. Ke6 Kc6 63. Kf6 Bf4 64. Ke6 Kc5 65. Kf6 Kd6 66. Kf7 Be5 67. Ke8 Ke6 68. Kd8 Bb7 69. Ke8 Bf6 70. Kf8 Bc6 71. Kg8 Be4 72. Kf8 Be7+ 73. Kg7 Bf6+ 74. Kf8 Bc6 75. Kg8 Ke7 76. Kh7 Kf7 77. Kh6 Bf3 78. Kh7 Bg5 79. Kh8 Bh6 80. Kh7 Bf8 81. Kh8 Bg7+ 0-1

[Event "SLO-ch 28th"]
[Site "Ljubljana"]
[Date "2018.04.29"]
[Round "4"]
[White "Jelen, Anja"]
[Black "Barle, Janez"]
[Result "0-1"]
[WhiteElo "1069"]
[BlackElo "2263"]
[PlyCount "46"]
[EventDate "2018.04.27"]
[EventType "swiss"]
[EventRounds "9"]
[EventCountry "SLO"]
[SourceTitle "CBM 184 Extra"]
[Source "ChessBase"]
[SourceDate "2018.06.28"]
[SourceVersion "1"]
[SourceVersionDate "2018.06.28"]
[SourceQuality "1"]

1. e4 Nc6 2. Nf3 e5 3. Bc4 Be7 4. d4 exd4 5. Nxd4 d6 6. 0-0 Nf6 7. Nc3 0-0 8. Bf4 Ne5 9. Bxe5 dxe5 10. Nf3 Bd6 11. h3 c6 12. a3 Qe7 13. Qe2 Nh5 14. Rad1 Nf4 15. Qe3 b5 16. Ba2 Bc5 17. Qd2 Qf6 18. Kh2 Nxh3 19. gxh3 Qxf3 20. Qe2 Qxh3+ 21. Kg1 Bg4 22. Rd3 Bxe2 23. Rxh3 Bxf1 0-1

[Event "EU-ch Seniors 65 17th"]
[Site "Sabadell"]
[Date "2017.08.18"]
[Round "7"]
[White "Barle, Janez"]
[Black "Giorgadze, Tamaz"]
[Result "0-1"]
[WhiteElo "2256"]
[BlackElo "2504"]
[PlyCount "106"]
[EventDate "2017.08.12"]
[EventType "swiss"]
[EventRounds "9"]
[EventCountry "ESP"]
[SourceTitle "CBM 180 Extra"]
[Source "ChessBase"]
[SourceDate "2017.10.06"]
[SourceVersion "1"]
[SourceVersionDate "2017.10.06"]
[SourceQuality "1"]

1. e4 c5 2. Nf3 e6 3. d4 cxd4 4. Nxd4 a6 5. Bd3 Qc7 6. 0-0 Nf6 7. Nc3 d6 8. Be3 b5 9. f4 Bb7 10. Qf3 Nbd7 11. Qh3 b4 12. Nce2 Be7 13. Ng3 Nc5 14. Nh5 Nxh5 15. Qxh5 g6 16. Qh6 Bf8 17. Qh4 Be7 18. Qh6 Bf8 19. Qh4 Qd8 20. Qe1 d5 21. e5 Qd7 22. Rc1 Be7 23. Qg3 Rc8 24. Kh1 Nxd3 25. cxd3 Rxc1 26. Rxc1 0-0 27. Qe1 a5 28. Nb3 d4 29. Nxd4 Qd5 30. Rc2 a4 31. b3 a3 32. Qd2 Rd8 33. Qf2 Rd7 34. h3 h5 35. Kh2 Bf8 36. Qg3 Kh7 37. Qf2 Ba6 38. Qe2 Be7 39. g3 Bb7 40. Qf1 Bc5 41. Nf5 Bxe3 42. Nxe3 Qxd3 43. Qe1 Kg7 44. h4 Qe4 45. Re2 Rd3 46. Ng2 Qf3 47. Qf2 Qxf2 48. Rxf2 Rd1 49. Re2 Bf3 50. Rf2 Bd5 51. Re2 Rb1 52. Rf2 Rb2 53. Kg1 Bxb3 0-1

[Event "EU-ch Seniors 65 17th"]
[Site "Sabadell"]
[Date "2017.08.13"]
[Round "2"]
[White "Hohler, Peter"]
[Black "Barle, Janez"]
[Result "0-1"]
[WhiteElo "2104"]
[BlackElo "2256"]
[PlyCount "98"]
[EventDate "2017.08.12"]
[EventType "swiss"]
[EventRounds "9"]
[EventCountry "ESP"]
[SourceTitle "CBM 180 Extra"]
[Source "ChessBase"]
[SourceDate "2017.10.06"]
[SourceVersion "1"]
[SourceVersionDate "2017.10.06"]
[SourceQuality "1"]

1. d4 d5 2. c4 Nc6 3. Nc3 Nf6 4. Nf3 Bg4 5. cxd5 Nxd5 6. e4 Nxc3 7. bxc3 e5 8. d5 Bxf3 9. Qxf3 Na5 10. Qg3 Qf6 11. Be2 Bd6 12. Bd2 0-0 13. 0-0 Rfe8 14. Rab1 h6 15. Rfc1 b6 16. Ba6 Rab8 17. c4 Bc5 18. Bb5 Red8 19. Bc3 Nb7 20. Rc2 Bd6 21. Bc6 Nc5 22. Re2 Qg5 23. Qxg5 hxg5 24. f3 f6 25. Rd2 g4 26. Re1 gxf3 27. gxf3 Kf7 28. Kh1 Rh8 29. Rg1 g5 30. Rg4 Rh3 31. Rg3 Rbh8 32. Kg1 R8h4 33. a4 a5 34. Bb5 g4 35. Rdg2 Rxg3 36. hxg3 gxf3 37. gxh4 fxg2 38. Kxg2 Nxe4 39. Bb2 Nc5 40. Kf3 f5 41. Ba3 e4+ 42. Ke2 Nxa4 43. Bxd6 Nc3+ 44. Ke3 Nxb5 45. Be5 Nd6 46. Kd4 a4 47. c5 bxc5+ 48. Kxc5 a3 49. Kb4 e3 0-1

[Event "Maribor Pirc Memorial op 20th"]
[Site "Maribor"]
[Date "2017.07.02"]
[Round "9"]
[White "Barle, Janez"]
[Black "Spelec, Darko"]
[Result "0-1"]
[WhiteElo "2281"]
[BlackElo "1917"]
[PlyCount "62"]
[EventDate "2017.06.24"]
[EventType "swiss"]
[EventRounds "9"]
[EventCountry "SLO"]
[SourceTitle "CBM 179 Extra"]
[Source "ChessBase"]
[SourceDate "2017.08.23"]
[SourceVersion "1"]
[SourceVersionDate "2017.08.23"]
[SourceQuality "1"]

1. e4 e6 2. d4 d5 3. Nc3 Bb4 4. exd5 exd5 5. Bd3 Nc6 6. a3 Bxc3+ 7. bxc3 Nf6 8. Ne2 Be6 9. Rb1 Na5 10. 0-0 Qd7 11. f3 0-0 12. Qe1 Bf5 13. Bg5 Nc4 14. Bxf6 gxf6 15. Qg3+ Bg6 16. Rxb7 Nd6 17. Rb3 Rfe8 18. Nf4 c6 19. Nh5 Re6 20. Qh4 Qe7 21. g4 f5 22. Qxe7 Rxe7 23. Nf6+ Kg7 24. g5 f4 25. Rfb1 Bxd3 26. cxd3 Kg6 27. Rb8 Rxb8 28. Rxb8 Kxg5 29. Rd8 Nb7 30. Nxd5 Re1+ 31. Kf2 Nxd8 0-1

[Event "Maribor Pirc Memorial op 20th"]
[Site "Maribor"]
[Date "2017.06.30"]
[Round "7"]
[White "Barle, Janez"]
[Black "Brilej, Jaka"]
[Result "1/2-1/2"]
[WhiteElo "2281"]
[BlackElo "2055"]
[PlyCount "91"]
[EventDate "2017.06.24"]
[EventType "swiss"]
[EventRounds "9"]
[EventCountry "SLO"]
[SourceTitle "CBM 179 Extra"]
[Source "ChessBase"]
[SourceDate "2017.08.23"]
[SourceVersion "1"]
[SourceVersionDate "2017.08.23"]
[SourceQuality "1"]

1. e4 c5 2. Nf3 Nc6 3. Bb5 Nf6 4. Nc3 g6 5. e5 Ng4 6. Bxc6 dxc6 7. h3 Nh6 8. Ne4 b6 9. Qe2 Bg7 10. Nf6+ exf6 11. exf6+ Kf8 12. fxg7+ Kxg7 13. 0-0 Re8 14. Qc4 Qf6 15. d4 Be6 16. Qc3 cxd4 17. Nxd4 c5 18. Nxe6+ Rxe6 19. Qxf6+ Rxf6 20. Re1 Nf5 21. c3 Re6 22. Rxe6 fxe6 23. Bf4 Rd8 24. Kf1 Kf6 25. Re1 Rd5 26. c4 Rd7 27. Be5+ Kf7 28. Bc3 Nd4 29. Re4 Kf6 30. f3 e5 31. Kf2 h5 32. h4 Kf5 33. Re1 Rf7 34. Re4 Rd7 35. Kg3 Nc6 36. Re3 Rd1 37. a3 a5 38. Kf2 Rd7 39. g3 a4 40. Re1 Nd4 41. Rg1 Rf7 42. Re1 Rd7 43. Re4 Rd8 44. Re1 Re8 45. Re4 Rd8 46. Ke3 1/2-1/2

[Event "Maribor Pirc Memorial op 20th"]
[Site "Maribor"]
[Date "2017.06.29"]
[Round "6"]
[White "Sebenik, Matej"]
[Black "Barle, Janez"]
[Result "1-0"]
[WhiteElo "2549"]
[BlackElo "2281"]
[PlyCount "49"]
[EventDate "2017.06.24"]
[EventType "swiss"]
[EventRounds "9"]
[EventCountry "SLO"]
[SourceTitle "CBM 179 Extra"]
[Source "ChessBase"]
[SourceDate "2017.08.23"]
[SourceVersion "1"]
[SourceVersionDate "2017.08.23"]
[SourceQuality "1"]

1. d4 d5 2. c4 Nc6 3. Nf3 Bg4 4. Nc3 e6 5. Bf4 Bxf3 6. gxf3 Bd6 7. Bg3 Nge7 8. e3 0-0 9. c5 Bxg3 10. hxg3 b6 11. b4 bxc5 12. bxc5 e5 13. dxe5 Nxe5 14. f4 N5g6 15. Qh5 f5 16. Bd3 c6 17. g4 Qa5 18. Rc1 h6 19. gxf5 Nxf4 20. exf4 d4 21. Bc4+ Nd5 22. f6 Rf7 23. fxg7 Re8+ 24. Kf1 dxc3 25. Qxh6 1-0

[Event "Maribor Pirc Memorial op 20th"]
[Site "Maribor"]
[Date "2017.06.24"]
[Round "1"]
[White "Barle, Janez"]
[Black "Jersic, Aleks"]
[Result "1/2-1/2"]
[WhiteElo "2281"]
[BlackElo "1749"]
[PlyCount "51"]
[EventDate "2017.06.24"]
[EventType "swiss"]
[EventRounds "9"]
[EventCountry "SLO"]
[SourceTitle "CBM 179 Extra"]
[Source "ChessBase"]
[SourceDate "2017.08.23"]
[SourceVersion "1"]
[SourceVersionDate "2017.08.23"]
[SourceQuality "1"]

1. e4 c5 2. Nc3 d6 3. f4 g6 4. Nf3 Bg7 5. Bb5+ Bd7 6. Bxd7+ Qxd7 7. 0-0 e6 8. d3 Ne7 9. Qe1 Nbc6 10. Qh4 Nd4 11. Nxd4 cxd4 12. Ne2 Rc8 13. c3 dxc3 14. bxc3 0-0 15. f5 exf5 16. Bh6 Bxh6 17. Qxh6 f6 18. Rf3 Rf7 19. Raf1 Rcf8 20. Qe3 b6 21. Qd4 Nc6 22. Qd5 Ne7 23. Qb3 Nc6 24. Qd5 Ne7 25. Qb3 Nc6 26. Qd5 1/2-1/2

[Event "Zuerich Chess Challenge op 6th"]
[Site "Zuerich"]
[Date "2017.04.17"]
[Round "7"]
[White "Barle, Janez"]
[Black "Jovanovic, Sladjan"]
[Result "1-0"]
[WhiteElo "2290"]
[BlackElo "2141"]
[PlyCount "109"]
[EventDate "2017.04.13"]
[EventType "swiss"]
[EventRounds "9"]
[EventCountry "SUI"]
[SourceTitle "CBM 177 Extra"]
[Source "ChessBase"]
[SourceDate "2017.04.27"]
[SourceVersion "1"]
[SourceVersionDate "2017.04.27"]
[SourceQuality "1"]

1. e4 d6 2. f4 g6 3. Nc3 Bg7 4. Nf3 c6 5. d4 Bg4 6. Be2 e5 7. dxe5 Bxf3 8. Bxf3 dxe5 9. Qxd8+ Kxd8 10. g3 Nd7 11. Be3 Kc7 12. 0-0-0 Ngf6 13. g4 Ne8 14. g5 Nd6 15. f5 Nc4 16. Bf2 f6 17. Bg4 h5 18. Bh3 Rad8 19. b3 Nd6 20. fxg6 fxg5 21. Bxd7 Rxd7 22. Bxa7 Rh6 23. Rhe1 Rxg6 24. Na4 Nc8 25. Rxd7+ Kxd7 26. Be3 g4 27. Bd2 b6 28. Be3 Kc7 29. c4 h4 30. Rf1 Rf6 31. Rg1 Rg6 32. Kd2 c5 33. Nc3 Kc6 34. Nd5 Kd6 35. Ke2 Ke6 36. Bf2 h3 37. Ne3 Nd6 38. Kd3 Bh6 39. Nxg4 Bf4 40. Ne3 Rh6 41. Nf1 Rf6 42. Bh4 Rf7 43. Rg6+ Kd7 44. Ng3 Bc1 45. Nf5 Nxf5 46. exf5 Rxf5 47. Bg3 Bb2 48. Rxb6 Rf3+ 49. Ke4 Rf1 50. Rh6 Ra1 51. Rxh3 Rxa2 52. Bxe5 Bc1 53. Kd5 Re2 54. Rh7+ Ke8 55. Ke6 1-0